Analytical macroeconomics : (Record no. 93845)

MARC details
000 -LEADER
fixed length control field 00643nam a22002057a 4500
005 - DATE AND TIME OF LATEST TRANSACTION
control field 20150710103211.0
010 ## - LCCN (DPL NO)
LC control number ENG-113163
020 ## - INTERNATIONAL STANDARD BOOK NUMBER
Terms of availability 395.00
International Standard Book Number 9788173814846
020 ## - INTERNATIONAL STANDARD BOOK NUMBER
Terms of availability 395.00
International Standard Book Number 8173814848
035 ## - SYSTEM CONTROL NUMBER
System control number EN-96695
037 ## - SOURCE OF ACQUISITION
Source of stock number/acquisition DBAD/PUB
082 ## - DEWEY DECIMAL CLASSIFICATION NUMBER
Classification number 339
100 ## - MAIN ENTRY--PERSONAL NAME
Personal name Mukherjee, Sampat
245 ## - TITLE STATEMENT
Title Analytical macroeconomics :
Statement of responsibility, etc by Sampat Mukherjee
Remainder of title from Keynes to Mankiw /
250 ## - EDITION STATEMENT
Edition statement 3rd thoroughly rev. & updated ed
260 ## - PUBLICATION, DISTRIBUTION, ETC. (IMPRINT)
Name of publisher, distributor, etc New Central Book Agency
Date of publication, distribution, etc 2015
Place of publication, distribution, etc Kolkata
270 ## - ADDRESS
City Kolkata
Postal code 700009
Address 8/1Chintamoni Das Lane,
300 ## - PHYSICAL DESCRIPTION
Extent xii,691,79p. :
Dimensions 24cm(pbk)
Other physical details ill.
942 ## - ADDED ENTRY ELEMENTS (KOHA)
Source of classification or shelving scheme Dewey Decimal Classification
Item type English Books
Call number suffix MUK
Classification part 339
Holdings
Withdrawn status Lost status Not for loan Collection code Home library Current library Date acquired Source of acquisition Cost, normal purchase price Full call number Barcode Copy number Cost, replacement price Koha item type
    Not For Loan Non-fiction D.B.Act.Division D.B.Act.Division 21/05/2015 DBAD/PUB 395.00 339 MUK EN-96695 1 395.00 English Books

© Delhi Public Library
Hit Counter
free hit counter